Las Instancias de participación y concertación para el desarrollo local /
Furkejuvvon:
| Váldodahkki: | |
|---|---|
| Eará dahkkit: | |
| Materiálatiipa: | Texto |
| Fáttát: | |
| Fáddágilkorat: |
Lasit fáddágilkoriid
Eai fáddágilkorat, Lasit vuosttaš fáddágilkora!
|
MARC
| LEADER | 00000 a a2200000 04500 | ||
|---|---|---|---|
| 001 | 5231 | ||
| 003 | |||
| 040 | |||
| 100 | |a Cerritos, Porfirio | ||
| 245 | |a Las Instancias de participación y concertación para el desarrollo local / |c Porfirio Cerritos | ||
| 650 | |a GOBIERNO LOCAL | ||
| 650 | |a PARTICIPACION SOCIAL | ||
| 650 | |a DESARROLLO DE LA COMUNIDAD | ||
| 650 | |a EL SALVADOR | ||
| 700 | |a Rodríguez, Marcos | ||
| 773 | |g volumen 61, número 697 -698; páginas 1201 | ||
| 999 | |c 29832 |d 29832 | ||
| 773 | 0 | |0 18723 |9 2695 |a Universidad Centroamericana José Simeón Cañas (UCA) |d San Salvador, El Salvador Universidad Centroamericana José Simeón |o 02322 |t ECA: | |
